| 000 | 00470nam a22001457a 4500 | ||
|---|---|---|---|
| 082 |
_a533.78 _bWES _cL-18, P-12 |
||
| 100 |
_aWest Pakistan Wapda _940138 |
||
| 245 |
_a1964 Annual report of river and climatological data of West Pakistan _cWest Pakistan Wapda |
||
| 250 | _avolumn2 | ||
| 260 |
_aLahore _bWater circle wasid, wapda Lahore _c1964 |
||
| 300 |
_a678p. : _bill.; _c15 cm. |
||
| 526 |
_a0 _b0 _c0 _d533_780000000000000_WES |
||
| 650 |
_aMCE _9379 |
||
| 942 |
_2ddc _cBK |
||
| 999 |
_c544497 _d544497 |
||